000 01439cam a2200361 a 4500
001 14400244
005 20221031122122.0
008 060605s2006 nyuac b 001 0 eng
010 _a 2006017786
015 _aGBA666336
_2bnb
016 7 _a013522192
_2Uk
020 _a0231137745 (cloth : alk. paper)
020 _a9780231137744 (cloth : alk. paper)
020 _a0231137753 (pbk. : alk. paper)
020 _a9780231137751 (pbk. : alk. paper)
035 _a(OCoLC)ocm70060976
040 _aDLC
_cDLC
_dBAKER
_dUKM
_dC#P
_dBTCTA
_dYDXCP
_dDLC
041 1 _aeng
_bjpn
050 0 0 _aPL782.E1
_bM63 2006
082 0 0 _a895.6409287
_bMOD
245 0 4 _aThe modern Murasaki :
_bwriting by women of Meiji Japan /
_cedited by Rebecca L. Copeland and Melek Ortabasi.
260 _aNew York :
_bColumbia University Press,
_cc2006.
300 _axii, 404 p. :
_bill., ports. ;
_c23 cm.
440 0 _aAsia perspectives
_9101945
500 _aTranslated from the Japanese.
504 _aIncludes bibliographical references (p. [375]-389) and index.
650 0 _aJapanese literature
_yMeiji period, 1868-1912
_vTranslations into English
_xWomen authors.
_9101946
700 1 _aCopeland, Rebecca L.,
_d1956-
_9101947
700 1 _aOrtabasi, Melek.
_9101948
906 _a7
_bcbc
_corignew
_d1
_eecip
_f20
_gy-gencatlg
942 _2ddc
_cBK
999 _c592152
_d592152